Pembukaan Rasmi Bengkel Menyelesaikan Masalah dan Membuat Keputusan bagi Pengarah-Pengarah pada 18/9/86 oleh Y. B. Dato' Oo Gin Sun (Timbalan Menteri Kewangan Malaysia) [video recording]

Bibliographic Details
Format: Book
Published: Bangi : Inspen , 1986
Subjects:

MARC

LEADER 00000cam a2200000 7i4500
001 0000005076
005 20061205.0
040 |a INS 
090 0 0 |a HD30.23 1986 
245 0 0 |a Pembukaan Rasmi Bengkel Menyelesaikan Masalah dan Membuat Keputusan bagi Pengarah-Pengarah pada 18/9/86 oleh Y. B. Dato' Oo Gin Sun (Timbalan Menteri Kewangan Malaysia) [video recording] 
260 |a Bangi :   |b Inspen ,   |c 1986 
300 |a 1 Video cassette (VHS) ( ) :   |b sd.,col. ;   |c 1/2 in. 
650 0 0 |a Decision-making 
650 0 0 |a Problem solving 
999 |a VHS15   |b VIDEO   |c Media Collection   |e Default branch